| 000 | 00530nam a2200193Ia 4500 | ||
|---|---|---|---|
| 008 | 220531s9999 xx 000 0 und d | ||
| 041 | _aeng | ||
| 082 |
_a339.5091724 _bSHO |
||
| 100 |
_aShome, P. Ed. _968467 |
||
| 245 | _aG20 Macroeconomic Agenda: India And The Emerging Economics | ||
| 250 | _a1ST | ||
| 260 |
_aNew Delhi _bCambridge University Press _c2014 |
||
| 300 | _a304 | ||
| 542 | _d30-06-2015 | ||
| 551 |
_aEconomics _bUgc-E |
||
| 650 |
_aMacroeconomics _968468 |
||
| 906 | _d2015-2016 | ||
| 999 |
_c38465 _d38465 |
||